Le Pakistan pour les touristes... - Facile - Statistiques

Statistiques générales
  • Ce quiz a été pris 20 fois
  • Le résultat moyen est 10 sur 20
Statistiques - réponses
Question Indice Réponses Indice facile % Correct
Quelles sont les langues officielles ? Anglais A
95%
Achats à faire 2/ Tissu en Coton COOTN
95%
Quelles sont les langues officielles ? Ourdou O
89%
Achats à faire 1/ Précieux Bijoux JOUBIX
84%
La religion majoritaire est Islam I
79%
Combien d'heures (environ) mettrez-vous pour vous y rendre ? (en chiffres) 8
68%
Le principal aéroport est K Karachi
68%
Achats à faire 3/ Pour la cuisine Epices PIECES
63%
Dans la capitale quel est le décalage horaire avec Paris ? (+ ou - et chiffre) ex - 10 ou + 3,5 + 3
58%
Code sur les plaques minéralogiques PK
58%
Le suffixe internet est pk
58%
Quel est le régime du pays ? R F République fédérale
37%
Quelles sont les principaux lieux touristiques ? W Frontière de {Wagah} AGHAW
32%
Comment se nomme la principale compagnie aérienne locale P I A Pakistan International Airlines PARTITIONNAIENTAKNS
32%
Quelle est la monnaie ? Roupie pakistanaise R
26%
Quelles sont les principaux lieux touristiques ? B Mosquée {Basshahi} BAHAISHS
21%
Quelles sont les principaux lieux touristiques ? H Vallée {Hunza} HANUZ
21%
Quelles sont les principaux lieux touristiques ? L Fort de {Lahore} HARLEO
16%
Quel est le climat local ? S & T {Subtropical} & {Tropical}
16%
Quelles sont les principaux lieux touristiques ? M Collines de {Margalla} ALARMAGL
11%
Aucun quiz correspondant
Distribution des résultats
% des personnes avec chaque résultat
Percentile par nombre de réponses
Votre historique - résultats
Vous n’avez pas pris ce quiz